01153nam a2200229 a 4500001001000000003000900010005001700019007000300036008004100039020001800080040002500098082001400123100003400137245014000171260005900311300003700370490003400407501034600441504007300787504003200860700003100892000028964DO-SdBNP20230119144240.0ta110412s2010 dr bc 000 0 spa d a9789945074000 aDO-SdBNPbspacBNPHU 4bS486r2221 aSerna Moreno, Jesús María10aRepública Dominicana :bidentidad y herencias etnoculturales indígenas /cJesús María Serna Moreno; Prólogo, Franklin Franco. aSanto Domingo :bArchivo General de la Nación,c2010 a148 p. :bmapa, retrs. ;c23 cm.0 aArchivo de la Nación ;v108 aCon: Cubierta: Mapa que indica la distribución política que tenía la isla cuando en 1492 la descubrió Colón y las fundaciones de los españoles en los primeros días de la conquista, según el Diario de la navegación de aquel marino y la Apologética historia sumaria de Fray Bartolomé de las Casas (por Casimiro N. Moya).  aIncluye referencias bibliográficas y notas al pie de las páginas aBibliografía : p. 137-14012aFranco, Franklin,epról.